Newton`s Telecom Dictionary (Record no. 32966)
[ view plain ]
| 000 -LEADER | |
|---|---|
| fixed length control field | 00277nam a2200121Ia 4500 |
| 020 ## - INTERNATIONAL STANDARD BOOK NUMBER | |
| ISBN | 1-57820-307-4 |
| 245 #0 - TITLE STATEMENT | |
| Title | Newton`s Telecom Dictionary |
| 260 ## - PUBLICATION, DISTRIBUTION, ETC. (IMPRINT) | |
| Name of publisher | CMP Books |
| 260 ## - PUBLICATION, DISTRIBUTION, ETC. (IMPRINT) | |
| Year of publication | 2003 |
| 942 ## - ADDED ENTRY ELEMENTS (KOHA) | |
| Koha item type | Books |
No items available.